00677nam a2200241 a 4500001001300000003000900013005001700022008004100039020000800080082001600088100002000104245004100124260004000165300000900205500003500214505001000249650001600259700002000275902000800295942000700303952011200310999001300422nice12345678IN_TiNIC20260116011347.0050524s1912 newa grp 000 0 eng  ac000a297.93bPHE aPhelps, Myron H aLife and Teachings of Abbas Effendi. aNew YorkbKnickerbocker Pressc1912 a243p aincludes index and biblioraphy2 aindex aBahai Faith1 aPhelps, Myron H bSRS cBK 001040708StackRoom-aHMIbHMId2005-05-24g0.00l0o297.93 PHEp01266r2005-05-24v0.00w2005-05-24yBK c849d849